[Event "China vs World 2018"]
[Site "Liaocheng"]
[Date "2018.04.08"]
[Round "2"]
[White "Li, Chao b"]
[Black "Dubov, Daniil"]
[Result "1/2-1/2"]
[WhiteElo "2656"]
[BlackElo "2678"]
[Annotator "TA"]
[PlyCount "52"]
[EventType "schev"]
[EventCountry "CHN"]
[SourceTitle "playchess.com"]
[Source "ChessBase"]
[SourceQuality "1"]

{[%evp 20,52,3,0,22,0,15,27,16,0,6,0,0,0,88,76,97,43,98,83,83,49,104,24,31,22,25,4,43,35,37,5,5,6,6]} 1. d4 Nf6 2. c4 c5 3. Nf3 cxd4 4. Nxd4 e6 5. g3 d5 {[%cal Bd7d5,Bd5d4][%mdl 32]} 6. Bg2 e5 7. Nb3 d4 8. O-O Nc6 {E01: Catalan: Early deviations} 9. Bg5 Be7 10. e3 Bg4 11. Qd2 {LiveBook: 3 Games} O-O 12. exd4 (12. Bxc6 $5 bxc6 13. exd4 $11) 12... exd4 13. Bxc6 bxc6 14. Qxd4 {Hoping for Bxf6.} Qc8 15. Re1 Rd8 16. Qe3 {[#]} h6 $146 (16... Be6 $11 {keeps the balance.}) 17. Qxe7 $16 hxg5 18. N1d2 Bh5 ({Black should play} 18... a5 $14 19. Ne4 Nxe4 20. Qxe4 (20. Rxe4 a4 $16) 20... Qe6) 19. Qc5 Qh3 20. Qxg5 Rd3 ({Better is} 20... Ng4 $14 21. Nf1 Rd3) 21. Qh4 (21. f3 $16) 21... Qxh4 $11 22. gxh4 Rad8 23. Nf1 Rh3 24. Ng3 Rxh4 25. Nxh5 Nxh5 26. Rad1 Rxd1 {Precision: White = 60%, Black = 50%.} 1/2-1/2